| 000 | 00496nam a2200133Ia 4500 | ||
|---|---|---|---|
| 008 | 200909s9999 xx 000 0 und d | ||
| 020 | _a978-971-23-9342-6 | ||
| 100 | _aSpady, William | ||
| 245 |
_cWilliam Spady, Wajid Hussain, Joan Largo, Francis Aldrine Uy _aBeyond outcomes accreditation: _bexploring the power of 'real' OBE practices/ |
||
| 260 |
_aQuezon City: _bREX Bookstore _c2018 |
||
| 300 |
_aiv, 184 pages _c25 cm. |
||
| 650 | _aCompetency-based education | ||
| 650 | _aEducational change | ||
| 999 |
_c364149 _d364149 |
||